000 00704nam a2200241Ia 4500
005 20260430150428.0
008 008 250103s9999 xx 000 0 eng d
037 _aTheses
040 _aCRL
040 _beng
040 _ceng
041 _2eng
041 _aeng
084 _qCRL
100 _aSirohi Shikha Au.; Tandon Anupama Gu.; Banerjee B.D. Gu.
_91237474
245 0 _aStudy the DNA Damage and Repair Mechanism in the Patients Undergoing Multidetector Computed Tomography (MDCT)
260 _c2023
300 _a75p.
650 _aMedicine
700 _aUniversity of Delhi. Faculty of Medical Sciences. Deptt. of Radiology
_91237475
942 _cTH
999 _c1849756
_d1849756